000 00412nam a2200133 4500
999 _c509869
_d509869
008 190624b ||||| |||| 00| 0 eng d
100 _aSrinivas, V.
_96503
245 _aBoard of revenue for Rajasthan: initiatives for improving justice delivery system in revenue courts
260 _c2019
300 _ap.243-246.
773 _aIndian Journal of Public Administration
906 _aCourts
942 _2ddc
_cAR